Biblioteca

Las olas / Virginia Woolf ; Andrés Bosch, Traductor (Registro nro. 42286)

Detalles MARC
000 -LÍDER
Campo fijo de descripción fija 004150000a22001570004500
041 0# - CÓDIGO DE IDIOMA
Código de idioma para texto/pista de sonido o título separado
082 04 - NÚMERO DE CLASIFICACIÓN DECIMAL DEWEY
Número de clasificación G 823.8 W9133o
001 - NÚMERO DE CONTROL
Campo de control 13303
100 1# - ASIENTO PRINCIPAL--NOMBRE PERSONAL
Nombre personal Woolf, Virginia
245 10 - TÍTULO
Título del Material Las olas / Virginia Woolf ; Andrés Bosch, Traductor
260 ## - PUBLICACIÓN, DISTRIBUCIÓN, ETC. (PIE DE IMPRENTA)
Lugar de publicación, distribución, etc. Bogotá : Oveja Negra
300 ## - DESCRIPCIÓN FÍSICA
Extensión 253 Pag
500 ## - NOTA GENERAL
Nota General Título original : The waves
942 ## - TIPO DE MATERIAL (KOHA)
Tipo de Item KOHA Libros General
Existencias
Estado de Material Estado de Perdido Estado de Dañado No para Préstamo Colección Tomo Biblioteca de Origen Biblioteca Permanente Fecha de Adquisición Total de Préstamos Signatura Topográfica Código de Barras Última vez visto Ejemplar/Existencia Fecha de Remplazo Tipo de Material
        Colección General   Biblioteca FUSBC Biblioteca FUSBC 29/10/2005   G 823.8 W9133o 11355 02/05/2023 1 26/01/2016 Libros General

Biblioteca FUSBC | Teléfono: (57+4) 349 88 10 Ext. 141| WhatsApp (+57) 3005338115 
E-mail: biblioteca@unisbc.edu.co | Calle 76 87-14 Robledo Palenque, Medellín, Colombia

Con tecnología Koha